LEADER 00824nam a2200217 i 4500 001 000000038131 003 CaOOAMICUS 005 20121214000000.0 008 121214s1971 it u000 u ita u 013 $a8536 040 $aSeMil$bita 100 1 $aAstori, Guido.$0(OLS)http://semarc/name/18279 245 13$aIl mio amico don Primo Mazzolari /$cGuido Astori. 260 $aVicenza :$bLa Locusta,$cstampa 1971. 300 $a83 p. ;$c18 cm. 600 14$aMazzolari, Primo .$0(OLS)http://semarc/subject/5511 850 $aSeMil 852 $aSeMil$W1$xVenegono$y1$m2L I 266$j4286$B4286$CSeMilBibl$Z2$F4286 $81 961 $aOmaggio: Donazione 996 $6245$aIl mio amico don Primo Mazzolari$9(OLS)http://semarc/title/53704 996 $6260$aVicenza :$bLa Locusta$9(OLS)http://semarc/publisher/31451 LEADER 00815nam a2200205 i 4500 001 000000106806 003 CaOOAMICUS 005 20020913000000.0 008 020913n it u000 u ita u 013 $a79001 040 $aSeMil$bita 245 10$aVolume 2. 490 0 $aI grandi libri Garzanti ;$v60 700 1 $aDostoevskij, Fëdor Michajlovi?,$d<1821-1881>.$0(OLS)http://semarc/name/1325 773 0 $aDostoevskij, Fëdor Michajlovi? <1821-1881>$tFratelli Karamazov.$dMilano : Garzanti, 1976.$b2. ed.$w()7377 830 2$aI grandi libri Garzanti ;$v60.$0(OLS)http://semarc/title/9892 850 $aSeMil 852 $aSeMil$W1$xVenegono$y1$m1W II 447$j247498$B62917$CSeMilBibl$Z2$F72142 $81 961 $aOmaggio: Biblioteca Seminario Duomo 996 $6245$aVolume 2$9(OLS)http://semarc/title/11564